[Event "Titled Tuesday intern op 22nd June"]
[Site "Chess.com INT"]
[Date "2021.06.22"]
[Round "6"]
[White "Belanoff, Ted"]
[Black "Dixit, Nikhil"]
[Result "1-0"]
[WhiteElo "2039"]
[BlackElo "2321"]
[PlyCount "89"]
[EventDate "2021.06.22"]
[EventType "swiss (blitz)"]
[EventRounds "11"]
[EventCountry "USA"]
[SourceTitle "CBM 203 Extra"]
[Source "ChessBase"]
[SourceDate "2021.09.30"]
[SourceVersion "1"]
[SourceVersionDate "2021.09.30"]
[SourceQuality "1"]

1. e4 g6 2. d4 Bg7 3. Be3 c5 4. c3 cxd4 5. cxd4 Nf6 6. Nc3 0-0 7. f3 d5 8. e5 Nfd7 9. Bd3 Nc6 10. Nge2 Ndxe5 11. dxe5 d4 12. Nxd4 Nxd4 13. f4 Nf5 14. Bf2 Qa5 15. 0-0 Rd8 16. Qc2 Be6 17. a3 Rac8 18. Rad1 Nd4 19. Qb1 Bg4 20. Rd2 Nb3 21. Rfd1 Nxd2 22. Rxd2 Bf5 23. Bxf5 gxf5 24. Rxd8+ Rxd8 25. Qxf5 b5 26. h4 b4 27. axb4 Qxb4 28. Ne4 Qxb2 29. Ng5 Qa2 30. e6 fxe6 31. Qxh7+ Kf8 32. Qg6 Qa1+ 33. Kh2 Kg8 34. Qf7+ Kh8 35. Qh5+ Kg8 36. Qh7+ Kf8 37. Nxe6+ Kf7 38. Nxd8+ Ke8 39. Qg8+ Kd7 40. Qd5+ Ke8 41. Ne6 Bf6 42. Qa8+ Kd7 43. Nf8+ Kd6 44. Qd8+ Kc6 45. Qd7# 1-0

[Event "Titled Tuesday intern op 22nd June"]
[Site "Chess.com INT"]
[Date "2021.06.22"]
[Round "4"]
[White "Belanoff, Ted"]
[Black "Reshetkov, Kirill"]
[Result "0-1"]
[WhiteElo "2039"]
[BlackElo "2197"]
[PlyCount "44"]
[EventDate "2021.06.22"]
[EventType "swiss (blitz)"]
[EventRounds "11"]
[EventCountry "USA"]
[SourceTitle "CBM 203 Extra"]
[Source "ChessBase"]
[SourceDate "2021.09.30"]
[SourceVersion "1"]
[SourceVersionDate "2021.09.30"]
[SourceQuality "1"]

1. e4 Nf6 2. Nc3 d5 3. e5 Ne4 4. Nf3 Bg4 5. Be2 e6 6. d4 Nxc3 7. bxc3 c5 8. 0-0 Nc6 9. Ba3 Qa5 10. Bxc5 Bxc5 11. dxc5 Qxc3 12. Rb1 0-0 13. Bd3 Bxf3 14. Qxf3 g6 15. Rxb7 Nxe5 16. Qg3 Nxd3 17. cxd3 Qxc5 18. Rfb1 Qa3 19. R1b2 Rac8 20. h3 Rc3 21. Rd2 Qc1+ 22. Kh2 Qxd2 0-1

[Event "Titled Tuesday intern op 22nd June"]
[Site "Chess.com INT"]
[Date "2021.06.22"]
[Round "9"]
[White "Belanoff, Ted"]
[Black "Zhuravlev, Alexey"]
[Result "0-1"]
[WhiteElo "2039"]
[BlackElo "2359"]
[PlyCount "88"]
[EventDate "2021.06.22"]
[EventType "swiss (blitz)"]
[EventRounds "11"]
[EventCountry "USA"]
[SourceTitle "CBM 203 Extra"]
[Source "ChessBase"]
[SourceDate "2021.09.30"]
[SourceVersion "1"]
[SourceVersionDate "2021.09.30"]
[SourceQuality "1"]

1. e4 c6 2. d4 d5 3. Nc3 dxe4 4. Nxe4 Bf5 5. Ng3 Bg6 6. h4 h6 7. h5 Bh7 8. Nf3 Nd7 9. Bd3 Bxd3 10. Qxd3 e5 11. dxe5 Qa5+ 12. Bd2 Bb4 13. c3 Be7 14. 0-0 0-0-0 15. Qc4 f6 16. Qf7 Nxe5 17. Nxe5 Qxe5 18. Be3 Bc5 19. Bxc5 Qxc5 20. Qxg7 Ne7 21. Qxf6 Nd5 22. Qf5+ Kb8 23. Rfe1 Rhf8 24. Qe5+ Ka8 25. Ne4 Qb6 26. c4 Rde8 27. Qg7 Nf4 28. c5 Qb4 29. Rad1 Rg8 30. a3 Qxe1+ 31. Rxe1 Rxg7 32. g3 Nxh5 33. Kg2 Rge7 34. f3 Nf6 35. Rh1 Nxe4 36. fxe4 Rxe4 37. Rxh6 a5 38. Rh7 Re2+ 39. Kf3 Rxb2 40. g4 Rf8+ 41. Ke4 Rb3 42. g5 Rxa3 43. g6 Rg3 44. g7 Rg8 0-1

[Event "Titled Tuesday intern op 22nd June"]
[Site "Chess.com INT"]
[Date "2021.06.22"]
[Round "2"]
[White "Morefield, Jason P"]
[Black "Belanoff, Ted"]
[Result "1-0"]
[WhiteElo "2227"]
[BlackElo "2039"]
[PlyCount "119"]
[EventDate "2021.06.22"]
[EventType "swiss (blitz)"]
[EventRounds "11"]
[EventCountry "USA"]
[SourceTitle "CBM 203 Extra"]
[Source "ChessBase"]
[SourceDate "2021.09.30"]
[SourceVersion "1"]
[SourceVersionDate "2021.09.30"]
[SourceQuality "1"]

1. d4 d5 2. c4 c6 3. Nc3 g6 4. e3 Nf6 5. Nf3 Bg7 6. Be2 dxc4 7. Bxc4 0-0 8. 0-0 Bg4 9. h3 Bf5 10. Re1 Ne4 11. Nd2 Nd6 12. Bf1 Be6 13. Qc2 Nd7 14. b3 a6 15. Ba3 Nb5 16. Bb2 Nb6 17. Nc4 Nxc3 18. Bxc3 Nd5 19. Ba5 b6 20. Bd2 c5 21. e4 Nb4 22. Bxb4 cxb4 23. Rad1 b5 24. Ne3 Rc8 25. Qd2 Rc3 26. e5 Bd5 27. Be2 e6 28. Rc1 Qc7 29. Nxd5 exd5 30. Bf3 Rd8 31. h4 Rc8 32. Rcd1 Rd8 33. h5 Rc2 34. Qg5 h6 35. Qg4 g5 36. e6 Rxa2 37. e7 Re8 38. Bxd5 a5 39. Bxf7+ Kh8 40. Bxe8 Bf6 41. Qe6 Kg7 42. Bg6 Qxe7 43. Qxe7+ Bxe7 44. Rxe7+ Kf6 45. Rde1 g4 46. Rf7+ Kg5 47. Rf5+ Kh4 48. Kh2 Rxf2 49. Rxf2 g3+ 50. Kg1 gxf2+ 51. Kxf2 a4 52. Ra1 a3 53. Ra2 Kg5 54. d5 Kf6 55. Rd2 Ke7 56. d6+ Kd7 57. Bf5+ Kd8 58. d7 Ke7 59. d8Q+ Kf7 60. Rd7# 1-0

[Event "Titled Tuesday intern op 22nd June"]
[Site "Chess.com INT"]
[Date "2021.06.22"]
[Round "10"]
[White "Terletsky, Oleg"]
[Black "Belanoff, Ted"]
[Result "1-0"]
[WhiteElo "2195"]
[BlackElo "2039"]
[PlyCount "91"]
[EventDate "2021.06.22"]
[EventType "swiss (blitz)"]
[EventRounds "11"]
[EventCountry "USA"]
[SourceTitle "CBM 203 Extra"]
[Source "ChessBase"]
[SourceDate "2021.09.30"]
[SourceVersion "1"]
[SourceVersionDate "2021.09.30"]
[SourceQuality "1"]

1. e4 e5 2. Nf3 Nc6 3. Nc3 Bc5 4. Nxe5 Bxf2+ 5. Kxf2 Nxe5 6. d4 Qf6+ 7. Kg1 Ne7 8. Be3 N5g6 9. e5 Qb6 10. Qd2 0-0 11. Bc4 Qxb2 12. Rb1 Qa3 13. Nb5 Qa4 14. Bb3 Qxb5 15. Bxf7+ Rxf7 16. Rxb5 b6 17. h4 Ba6 18. Rb1 Raf8 19. h5 Nf4 20. Re1 Ned5 21. Bxf4 Rxf4 22. h6 g6 23. Rh3 Rg4 24. Kh2 Nf4 25. Rg3 Rh4+ 26. Kg1 Rxh6 27. d5 Rh5 28. Re4 Rhf5 29. Rf3 g5 30. Rexf4 gxf4 31. e6 dxe6 32. dxe6 Bb7 33. e7 Re8 34. Qd7 Bc6 35. Qxf5 Bxf3 36. Qe6+ Kg7 37. gxf3 h6 38. Kf2 c5 39. c4 a6 40. a4 b5 41. cxb5 a5 42. b6 c4 43. Qxc4 Rxe7 44. Qc7 Kf7 45. Qxe7+ Kxe7 46. b7 1-0

[Event "Titled Tuesday intern op 15th June"]
[Site "Chess.com INT"]
[Date "2021.06.15"]
[Round "8"]
[White "Belanoff, Ted"]
[Black "Piliczewski, Bogusz"]
[Result "1-0"]
[WhiteElo "2039"]
[BlackElo "1935"]
[PlyCount "139"]
[EventDate "2021.06.15"]
[EventType "swiss (blitz)"]
[EventRounds "11"]
[EventCountry "USA"]
[SourceTitle "CBM 203 Extra"]
[Source "ChessBase"]
[SourceDate "2021.09.30"]
[SourceVersion "1"]
[SourceVersionDate "2021.09.30"]
[SourceQuality "1"]

1. d4 d5 2. c4 c6 3. Nf3 Nf6 4. Nc3 e6 5. Bf4 Bd6 6. Bxd6 Qxd6 7. e3 Nbd7 8. Bd3 0-0 9. 0-0 Rd8 10. c5 Qe7 11. Re1 e5 12. b4 e4 13. Bxe4 Nxe4 14. Nxe4 Qxe4 15. Nd2 Qg6 16. Nb3 f5 17. f4 Nf6 18. Nd2 Ng4 19. Nf3 Re8 20. Qd3 Bd7 21. h3 Nh6 22. Ne5 Qe6 23. Rf1 a6 24. Rf3 Nf7 25. Raf1 Nxe5 26. fxe5 g6 27. a4 Rf8 28. a5 Rf7 29. g4 Raf8 30. g5 Qe8 31. Rf4 Be6 32. Qe2 Qe7 33. Qg2 Rg7 34. Rh4 Kf7 35. Rh6 Ke8 36. h4 Bg8 37. Rf4 Kd7 38. Qe2 Qd8 39. Qd3 Re7 40. Kf2 Re6 41. Kg3 Qe7 42. Qe2 Kc7 43. Qf1 Ra8 44. Qa1 b6 45. axb6+ Kb7 46. Qa5 Qd8 47. Kf3 Qf8 48. Ke2 Qd8 49. Kd3 Qf8 50. Kc3 Qd8 51. Kb3 Qf8 52. Ka3 Qd8 53. Ka2 Qf8 54. Kb2 Qd8 55. Kc2 Qf8 56. Kd2 Qd8 57. Ke2 Qf8 58. Kf2 Qd8 59. h5 gxh5 60. g6 Rxg6 61. Rxh5 Qf8 62. Rfxf5 Qe7 63. Qa1 Rg7 64. Qh1 Rf8 65. Qf3 Rxf5 66. Rxf5 Rf7 67. Ke2 Rxf5 68. Qxf5 Be6 69. Qh5 Qf7 70. Qh6 1-0

[Event "Titled Tuesday intern op 15th June"]
[Site "Chess.com INT"]
[Date "2021.06.15"]
[Round "11"]
[White "Karavaeva, Olga"]
[Black "Belanoff, Ted"]
[Result "1-0"]
[WhiteElo "2260"]
[BlackElo "2039"]
[PlyCount "31"]
[EventDate "2021.06.15"]
[EventType "swiss (blitz)"]
[EventRounds "11"]
[EventCountry "USA"]
[SourceTitle "CBM 203 Extra"]
[Source "ChessBase"]
[SourceDate "2021.09.30"]
[SourceVersion "1"]
[SourceVersionDate "2021.09.30"]
[SourceQuality "1"]

1. c4 e5 2. Nc3 Nc6 3. g3 Bc5 4. Bg2 d6 5. e3 h5 6. h4 Nf6 7. Nge2 Bg4 8. b3 Qd7 9. Bb2 0-0-0 10. a3 Bb6 11. Qc2 Ne8 12. 0-0-0 f5 13. f3 f4 14. fxg4 fxg3 15. g5 Qg4 16. Bh3 1-0

[Event "Titled Tuesday intern op 15th June"]
[Site "Chess.com INT"]
[Date "2021.06.15"]
[Round "7"]
[White "Pacheco Lugo, Alejandro Jose"]
[Black "Belanoff, Ted"]
[Result "1-0"]
[WhiteElo "2127"]
[BlackElo "2039"]
[PlyCount "71"]
[EventDate "2021.06.15"]
[EventType "swiss (blitz)"]
[EventRounds "11"]
[EventCountry "USA"]
[SourceTitle "CBM 203 Extra"]
[Source "ChessBase"]
[SourceDate "2021.09.30"]
[SourceVersion "1"]
[SourceVersionDate "2021.09.30"]
[SourceQuality "1"]

1. e4 c5 2. Nf3 Nc6 3. d4 cxd4 4. Nxd4 g6 5. c4 Bg7 6. Be3 d6 7. Nc3 Bd7 8. Be2 Nf6 9. 0-0 0-0 10. h3 Ne8 11. f4 Nxd4 12. Bxd4 Bxd4+ 13. Qxd4 Nc7 14. f5 Na6 15. Nd5 Nc5 16. b4 Na4 17. f6 e5 18. Qe3 Kh8 19. Qh6 Rg8 20. Ne7 Qf8 21. Nxg8 Kxg8 22. Qxf8+ Kxf8 23. Rac1 b6 24. Rfd1 Be6 25. Rxd6 Rc8 26. Kf2 h6 27. Ke3 g5 28. c5 bxc5 29. Bb5 Nb6 30. Rxc5 Rb8 31. a4 Kg8 32. a5 Nc8 33. Rd8+ Kh7 34. Ba6 Rxb4 35. Bxc8 Rb3+ 36. Rd3 1-0

[Event "Speed Chess (Women) Q2"]
[Site "Chess.com INT"]
[Date "2021.05.29"]
[Round "13"]
[White "Belanoff, Ted"]
[Black "Farhat Willemstein, Stela Souza"]
[Result "1-0"]
[WhiteElo "2039"]
[BlackElo "1758"]
[PlyCount "35"]
[EventDate "2021.05.29"]
[EventType "swiss (blitz)"]
[EventRounds "13"]
[EventCountry "USA"]
[SourceTitle "CBM 202 Extra"]
[Source "ChessBase"]
[SourceDate "2021.07.31"]
[SourceVersion "1"]
[SourceVersionDate "2021.07.31"]
[SourceQuality "1"]

1. d4 d5 2. c4 e6 3. Nc3 Nf6 4. Nf3 Be7 5. Bg5 0-0 6. Bxf6 Bxf6 7. e3 Nd7 8. h4 dxc4 9. Bxc4 Nb6 10. Bd3 Nd5 11. e4 Nxc3 12. bxc3 Bd7 13. e5 Be7 14. Bxh7+ Kxh7 15. Ng5+ Bxg5 16. hxg5+ Kg8 17. Qh5 f6 18. g6 1-0

[Event "Titled Tuesday intern op 25th May"]
[Site "Chess.com INT"]
[Date "2021.05.25"]
[Round "6"]
[White "Belanoff, Ted"]
[Black "Korkmaz, Necmettin"]
[Result "0-1"]
[WhiteElo "2039"]
[BlackElo "2101"]
[PlyCount "86"]
[EventDate "2021.05.25"]
[EventType "swiss (blitz)"]
[EventRounds "11"]
[EventCountry "USA"]
[SourceTitle "CBM 203 Extra"]
[Source "ChessBase"]
[SourceDate "2021.09.30"]
[SourceVersion "1"]
[SourceVersionDate "2021.09.30"]
[SourceQuality "1"]

1. d4 d5 2. c4 e5 3. dxe5 d4 4. Nf3 Nc6 5. g3 Be6 6. b3 Qd7 7. Bg2 0-0-0 8. 0-0 Bh3 9. Ba3 Bxg2 10. Kxg2 Nge7 11. Nbd2 h5 12. Ne4 Ng6 13. Bxf8 Rhxf8 14. Rh1 Qg4 15. Neg5 d3 16. h3 Nf4+ 17. Kh2 Qf5 18. gxf4 Qxf4+ 19. Kg2 Nxe5 20. e3 Qf5 21. e4 Qg6 22. Kf1 Nxf3 23. Nxf3 Qxe4 24. Kg1 d2 25. Rh2 Rfe8 26. Rg2 Qxf3 27. Qxf3 Re1+ 28. Rxe1 dxe1Q+ 29. Kh2 Qe5+ 30. Qg3 Qxg3+ 31. Rxg3 g6 32. Rf3 Rd7 33. Kg3 Kd8 34. Kh4 Ke7 35. Kg5 Rd4 36. Kh6 Kf8 37. Kg5 Kg7 38. a3 c5 39. a4 b6 40. a5 Re4 41. axb6 axb6 42. Rf4 Re5+ 43. Kh4 g5+ 0-1

[Event "Titled Tuesday intern op 04th May"]
[Site "Chess.com INT"]
[Date "2021.05.04"]
[Round "1"]
[White "Belanoff, Ted"]
[Black "Golizadeh, Asghar"]
[Result "0-1"]
[WhiteElo "2039"]
[BlackElo "2455"]
[PlyCount "86"]
[EventDate "2021.05.04"]
[EventType "swiss (blitz)"]
[EventRounds "11"]
[EventCountry "USA"]
[SourceTitle "CBM 202 Extra"]
[Source "ChessBase"]
[SourceDate "2021.07.31"]
[SourceVersion "1"]
[SourceVersionDate "2021.07.31"]
[SourceQuality "1"]

1. d4 Nf6 2. c4 e6 3. Nc3 Bb4 4. a3 Bxc3+ 5. bxc3 h6 6. Bf4 b6 7. Nf3 Bb7 8. e3 d6 9. Bd3 Nbd7 10. 0-0 Qe7 11. Ne1 e5 12. Bg3 0-0 13. Bc2 Rfe8 14. Nd3 Rad8 15. f3 exd4 16. exd4 c5 17. Re1 Qf8 18. Nf4 Rxe1+ 19. Bxe1 d5 20. cxd5 Nxd5 21. Nxd5 Bxd5 22. Qd3 Nf6 23. c4 Bb7 24. d5 Ba6 25. Bc3 Rxd5 26. Qe2 Rd6 27. Re1 Re6 28. Qd3 Rxe1+ 29. Bxe1 Qe7 30. Bc3 Qe6 31. Bxf6 Qxf6 32. Qh7+ Kf8 33. h3 Qd4+ 34. Kh1 Qa1+ 35. Kh2 Qe5+ 36. Kh1 Bxc4 37. Be4 Qa1+ 38. Kh2 Qe5+ 39. Kh1 Ke7 40. Qg8 Qd4 41. Qb8 Qd1+ 42. Kh2 Qd6+ 43. Qxd6+ Kxd6 0-1

[Event "Titled Tuesday intern op 04th May"]
[Site "Chess.com INT"]
[Date "2021.05.04"]
[Round "7"]
[White "Havanecz, Bianka"]
[Black "Belanoff, Ted"]
[Result "1-0"]
[WhiteElo "2257"]
[BlackElo "2039"]
[PlyCount "81"]
[EventDate "2021.05.04"]
[EventType "swiss (blitz)"]
[EventRounds "11"]
[EventCountry "USA"]
[SourceTitle "CBM 202 Extra"]
[Source "ChessBase"]
[SourceDate "2021.07.31"]
[SourceVersion "1"]
[SourceVersionDate "2021.07.31"]
[SourceQuality "1"]

1. d4 Nf6 2. c4 g6 3. Nc3 d5 4. Bf4 c6 5. Nf3 Bg7 6. e3 Nbd7 7. cxd5 Nxd5 8. Nxd5 cxd5 9. Bd3 Qb6 10. Qd2 0-0 11. 0-0 f6 12. Bg3 e5 13. dxe5 fxe5 14. e4 d4 15. Bc4+ Kh8 16. Ng5 Qf6 17. Bh4 Qf4 18. Qxf4 exf4 19. Nf7+ Kg8 20. Nd6+ Kh8 21. Be7 Ne5 22. Bxf8 Bxf8 23. Nf7+ Nxf7 24. Bxf7 Kg7 25. Bd5 Rb8 26. Rac1 Bd6 27. Rc4 Be5 28. Rfc1 d3 29. Rxc8 d2 30. R1c7+ Bxc7 31. Rxc7+ Kf6 32. Bb3 Rd8 33. Bd1 Ke5 34. Kf1 g5 35. f3 h5 36. Rxb7 g4 37. Rxa7 gxf3 38. gxf3 Kd4 39. Ke2 Rg8 40. Rd7+ Kc4 41. Bb3+ 1-0

[Event "San Francisco TNM Spring op"]
[Site "San Francisco"]
[Date "2011.03.29"]
[Round "3"]
[White "Harris, John M"]
[Black "Belanoff, Ted"]
[Result "0-1"]
[WhiteElo "1722"]
[BlackElo "2011"]
[PlyCount "106"]
[EventDate "2011.03.15"]
[EventType "swiss"]
[EventRounds "8"]
[EventCountry "USA"]
[SourceTitle "EXT 2012"]
[Source "ChessBase"]
[SourceDate "2011.11.24"]
[SourceVersion "1"]
[SourceVersionDate "2011.11.24"]
[SourceQuality "1"]

1. e4 e5 2. Nf3 Nc6 3. d4 exd4 4. Nxd4 Bc5 5. Be3 Qf6 6. c3 Nge7 7. Bc4 a6 8. 0-0 Ne5 9. Be2 Qg6 10. f4 Qxe4 11. Bf2 Qxf4 12. Ne6 dxe6 13. Bxc5 Qg5 14. Bf2 Nf5 15. h4 Qe7 16. Qa4+ Bd7 17. Qe4 Nc6 18. b4 Nd6 19. Qc2 e5 20. Nd2 0-0 21. a4 Bf5 22. Qb2 Nd8 23. Bc5 Bd7 24. Ne4 Ne6 25. Nxd6 cxd6 26. Bf2 Nf4 27. g3 Nh3+ 28. Kh2 Nxf2 29. Rxf2 Rac8 30. b5 a5 31. Re1 Qe6 32. Bf1 Rc5 33. Bg2 b6 34. Qd2 d5 35. Rd1 e4 36. Qd4 Rfc8 37. Bxe4 dxe4 38. Qxd7 e3 39. Re2 Qxd7 40. Rxd7 Rxc3 41. Re7 Kf8 42. R7xe3 Rxe3 43. Rxe3 Rc4 44. Ra3 h5 45. Kg2 f6 46. Kf2 Kf7 47. Ke2 g5 48. hxg5 fxg5 49. Rd3 Ke6 50. Rd8 Rxa4 51. Rh8 Rb4 52. Rh6+ Kf5 53. Rxb6 Kg4 0-1

[Event "San Francisco TNM Spring op"]
[Site "San Francisco"]
[Date "2011.03.23"]
[Round "2"]
[White "Belanoff, Ted"]
[Black "Chamberlain, Ethan J"]
[Result "0-1"]
[WhiteElo "2011"]
[BlackElo "1829"]
[PlyCount "84"]
[EventDate "2011.03.15"]
[EventType "swiss"]
[EventRounds "8"]
[EventCountry "USA"]
[SourceTitle "EXT 2012"]
[Source "ChessBase"]
[SourceDate "2011.11.24"]
[SourceVersion "1"]
[SourceVersionDate "2011.11.24"]
[SourceQuality "1"]

1. Nc3 c5 2. Nf3 g6 3. e3 d5 4. d4 cxd4 5. Qxd4 Nf6 6. Bb5+ Nc6 7. Ne5 Qd6 8. Qa4 Bd7 9. Nxd7 Qxd7 10. 0-0 Bg7 11. Rd1 Qe6 12. Qb3 0-0 13. Nxd5 Nxd5 14. Rxd5 Rfd8 15. Rxd8+ Rxd8 16. Be2 Qd7 17. h3 Be5 18. f4 Bc7 19. Qxb7 Nd4 20. Bd3 Nf5 21. Bd2 Qd6 22. Re1 e5 23. Bb4 Qd7 24. Bxf5 gxf5 25. fxe5 Rb8 26. Qxa7 Rxb4 27. b3 Qd2 28. Rf1 Bb6 29. Qa8+ Kg7 30. Qc6 Bxe3+ 31. Kh1 Rb6 32. Qf3 f4 33. g3 Rg6 34. gxf4 Bxf4 35. Rf2 Qc1+ 36. Rf1 Qxc2 37. Rf2 Qb1+ 38. Rf1 Qxa2 39. Rf2 Qb1+ 40. Rf1 Qc2 41. Rf2 Qc1+ 42. Rf1 Qe3 0-1

[Event "San Francisco Hurt Memorial U1800"]
[Site "San Francisco"]
[Date "2005.12.10"]
[Round "1"]
[White "Belanoff, Ted"]
[Black "Starr, Albert Martin"]
[Result "0-1"]
[WhiteElo "1770"]
[BlackElo "1496"]
[PlyCount "71"]
[EventDate "2005.12.10"]
[EventType "swiss"]
[EventRounds "6"]
[EventCountry "USA"]
[SourceTitle "EXT 2007"]
[Source "ChessBase"]
[SourceDate "2006.11.23"]
[SourceVersion "1"]
[SourceVersionDate "2006.11.23"]
[SourceQuality "1"]

1. e4 c5 2. Nc3 e6 3. Bc4 a6 4. a4 d6 5. d3 Nf6 6. Bg5 Be7 7. Nf3 0-0 8. Qd2 Nbd7 9. h4 Ng4 10. Qf4 Nge5 11. Bb3 Nxf3+ 12. gxf3 Ne5 13. Bxe7 Qxe7 14. Kd2 Ng6 15. Qg3 f5 16. Rag1 Bd7 17. h5 f4 18. Qh3 Ne5 19. Rg2 Kh8 20. Rhg1 Rf7 21. Ne2 Rg8 22. Qh2 Nxf3+ 23. Kc1 Nxh2 24. Rxh2 h6 25. Rg4 Rf6 26. Nxf4 Qe8 27. Rhg2 e5 28. Ng6+ Kh7 29. R4g3 Be6 30. c4 Qf7 31. Bc2 Rxf2 32. d4 Rxg2 33. Rxg2 Qf1+ 34. Kd2 Qxg2+ 35. Kc3 cxd4+ 36. Kb3 0-1

[Event "San Francisco Summer TNM"]
[Site "San Francisco"]
[Date "2005.07.12"]
[Round "5"]
[White "Dupree, Charles"]
[Black "Belanoff, Ted"]
[Result "1-0"]
[WhiteElo "1896"]
[BlackElo "1626"]
[PlyCount "53"]
[EventDate "2005.06.14"]
[EventType "swiss"]
[EventRounds "8"]
[EventCountry "USA"]
[SourceTitle "EXT 2007"]
[Source "ChessBase"]
[SourceDate "2006.11.23"]
[SourceVersion "1"]
[SourceVersionDate "2006.11.23"]
[SourceQuality "1"]

1. e4 e5 2. f4 exf4 3. Nf3 g5 4. h4 g4 5. Ne5 h5 6. Bc4 Nh6 7. d4 d6 8. Nd3 Be7 9. Bxf4 Bxh4+ 10. g3 Bg5 11. Qd2 Bxf4 12. Nxf4 Qe7 13. Nc3 c6 14. 0-0-0 Bd7 15. Rxh5 b5 16. Bb3 a5 17. a4 Na6 18. axb5 Nc7 19. bxc6 Bxc6 20. Nfd5 a4 21. Nxe7 axb3 22. cxb3 Kxe7 23. Rxh6 Ra1+ 24. Kc2 Rha8 25. Qg5+ Kd7 26. Qxg4+ Ke7 27. Qf4 1-0

[Event "Fremont Weibel Quads 3"]
[Site "Fremont"]
[Date "2004.10.24"]
[Round "3"]
[White "Pendse, Mihir"]
[Black "Belanoff, Ted"]
[Result "1/2-1/2"]
[WhiteElo "1458"]
[BlackElo "1518"]
[PlyCount "58"]
[EventDate "2004.10.24"]
[EventType "swiss"]
[EventRounds "3"]
[EventCountry "USA"]
[SourceTitle "EXT 2009"]
[Source "ChessBase"]
[SourceDate "2008.11.26"]
[SourceVersion "1"]
[SourceVersionDate "2008.11.26"]
[SourceQuality "1"]

1. e4 e5 2. Nf3 Nc6 3. Nc3 Nf6 4. Bb5 d6 5. d4 a6 6. Bc4 exd4 7. Nxd4 Ne5 8. Bb3 c5 9. Nf3 c4 10. Nxe5 cxb3 11. Nf3 bxc2 12. Qxc2 Bg4 13. Nd4 Rc8 14. Qa4+ Qd7 15. Qxd7+ Bxd7 16. Bf4 Rc5 17. Rd1 Be7 18. 0-0 0-0 19. Rd3 b5 20. b3 a5 21. Nf5 Bxf5 22. exf5 Rfc8 23. Ne2 Nd5 24. g4 Nxf4 25. Nxf4 g6 26. Re1 Rc1 27. Kf1 Kg7 28. fxg6 hxg6 29. Rxc1 Rxc1+ 1/2-1/2